| 000 | 00803nam a22002417a 4500 | ||
|---|---|---|---|
| 999 |
_c2635 _d2635 |
||
| 003 | AR-CdUCM | ||
| 008 | 190305b ||||| |||| 00| 0 spa d | ||
| 040 |
_aMUNICIPALIDAD PROVINCIAL DEL CUSCO _cBIBLIOTECA MUNICIPAL DEL CUSCO |
||
| 082 |
_a146 / _bL38 |
||
| 100 |
_aLefebvre, H. _99269 |
||
| 245 | _aQue es la dialéctica / | ||
| 260 |
_aBuenos Aires : _bEditorial Dedalo, _c1964. |
||
| 300 |
_a157 Páginas ; _c20 cm. |
||
| 505 | _aContenido: Teoría de la contradicción -- Teoría de la verdad -- El problema de la conciencia -- La superación -- Esencia y apariencia... | ||
| 650 |
_aDialéctica _95490 |
||
| 650 |
_aLógica _92358 |
||
| 650 |
_aHegel _95151 |
||
| 650 |
_aMarx _94291 |
||
| 650 |
_aConocimiento _95704 |
||
| 700 |
_aGuterman, N. _99270 |
||
| 942 |
_2ddc _cLIBROS |
||
| 945 | _adavv | ||